000 01361nam0a22003011 4500
001 rc\4063891
005 20260407132008.0
021 _aRU
_b[47-22026]
035 _a(NLR Aleph) 008114880
090 _a9327540
_c9327540
100 _a20130415d1947 |||y0rusy50 ca
101 0 _arus
102 _aRU
105 _aa z |||||
200 1 _aИнструкция по эксплоатации самосвала на базе шасси автомашины ЗИС-5
_fМ-во строит. и дор. машиностроения СССР. Главстроймеханизация. Трест "Строймеханизация"
210 _aМосква
_cФ-ка "Картолитография"
_d1947
215 _a22 с., 3 л. черт.
_cсхем.
_d24
300 _aАвт. указан на обороте тит. л.: инж. Мехов Б.Т.
300 _aЛитогр. изд.
606 _aАвтомобили грузовые
_xЭксплуатация
_2psbo
606 _aАвтомобили-самосвалы
_xЭксплуатация
_2psbo
700 1 _aМехов
_bБ.Т.
_gБорис Тимофеевич
712 0 2 _a"Строймеханизация", трест
_cМосква
_3RU\NLR\AUTH\889989345
_9474198
801 0 _aRU
_bNLR
_gpsbo
801 1 _aRU
_bELAR
_2rusmarc
852 _aNLR
_jТ86 Г-8/83
942 _cBOOK
980 _aNB